书目信息 |
| 题名: |
医学科研设计及SPSS软件应用
|
|
| 作者: | 蒋仲荪 蒋庆 | |
| 分册: | ||
| 出版信息: | 杭州 浙江大学出版社 2005 |
|
| 页数: | 205 | |
| 开本: | 23cm | |
| 丛书名: | ||
| 单 册: | ||
| 中图分类: | R195.1-39 | |
| 科图分类: | ||
| 主题词: | 医药卫生组织机构 , 医疗保健事业 | |
| 电子资源: | ||
| ISBN: | 7-308-04170-0 | |
| 000 | 00616nam0 2200193 450 | |
| 001 | 0741144344 | |
| 005 | 20070817112544.34 | |
| 010 | @a7-308-04170-0@d¥20.00 | |
| 100 | @a20070817d km y0chiy0120 ea | |
| 101 | 0 | @achi |
| 200 | 1 | @a医学科研设计及SPSS软件应用@Ayi xue ke yan she ji ji SPSS ruan jian ying yong@f蒋仲荪 蒋庆@Fjiang zhong sun jiang qing |
| 210 | @a杭州@c浙江大学出版社@d2005 | |
| 215 | @a205@d23cm | |
| 606 | 0 | @a医药卫生组织机构 |
| 606 | 0 | @a医疗保健事业 |
| 690 | @aR195.1-39@v3 | |
| 701 | 0 | @a蒋仲荪 蒋庆@Ajiang zhong sun jiang qing |
| 801 | 0 | @aCN@bPFT@c20070817 |
| 905 | @a213230@dR195.1-39@en1@f1 | |
| 医学科研设计及SPSS软件应用/蒋仲荪 蒋庆.-杭州:浙江大学出版社,2005 |
| 205;23cm |
| ISBN 7-308-04170-0:¥20.00 |
| ● |
| 相关链接 |
|
|
|
|
正题名:医学科研设计及SPSS软件应用
索取号:R195.1-39/n1
 
预约/预借
| 序号 | 登录号 | 条形码 | 馆藏地/架位号 | 状态 | 备注 |
| 1 | 6601199 | 266011996 | 密集书库-生命科学系/ [索取号:R195.1-39/n1] | 在馆 |